Propuesta de diseño geométrico y estructura de pavimento rígido de 7 km de carretera del tramo Santo Domingo – Los chinamos, departamento de Chontales
El presente trabajo está orientado a la propuesta de Diseño Geométrico y de la estructura de pavimento rígido de un segmento de 7 km que comprende de la estación 0 + 000 a la estación 7 + 100 del tramo Santo Domingo – Los chinamos, localizado en el departamento de Chontales.
| Main Authors: | , |
|---|---|
| Other Authors: | |
| Format: | Tesis Section = Libro |
| Language: | Undetermined Spanish |
| Published: |
Managua
UNI
2014
|
| Subjects: |
| LEADER | 01165nam a2200253Ia 4500 | ||
|---|---|---|---|
| 008 | 240830s9999 xx 000 0 und d | ||
| 040 | |a BIBLIOTECA-RUPAP Mon 625.8 B234 | ||
| 041 | |a spa | ||
| 082 | |a Mon 625.8 B234 | ||
| 100 | 1 | |a Barberena Hernández, Israel Alberto | |
| 100 | 1 | |b Dávila Lumbí, Olman Evenor | |
| 245 | 1 | 0 | |a Propuesta de diseño geométrico y estructura de pavimento rígido de 7 km de carretera del tramo Santo Domingo – Los chinamos, departamento de Chontales |
| 260 | |a Managua |b UNI |c 2014 | ||
| 300 | |a 235 p. :il. | ||
| 500 | |a Contiene: anexos y planos en formato A1. | ||
| 502 | |a Tesis (Ingeniero Civil)- UNI, 2014. | ||
| 520 | 3 | |a El presente trabajo está orientado a la propuesta de Diseño Geométrico y de la estructura de pavimento rígido de un segmento de 7 km que comprende de la estación 0 + 000 a la estación 7 + 100 del tramo Santo Domingo – Los chinamos, localizado en el departamento de Chontales. | |
| 650 | 7 | |a PAVIMENTOS | |
| 650 | 7 | |b PAVIMENTOS-DISEÑO Y CONSTRUCCION | |
| 650 | 7 | |c CARRETERAS-DISEÑO | |
| 700 | 1 | |a Tutor: |b Zamora Lacayo, Aldo José | |
| 942 | |c BK |2 ddc | ||
| 991 | |a TESIS | ||
| 999 | |c 16028 | ||